000 00462nam a2200181Ia 4500
001 9068
005 20260306160656.0
008 260306t2012||||xx |||||||||||||| ||spa||
041 _aESP
082 _a372.5
_bP26
100 _aParonzini, Palmira
_eAUT
245 0 _aLos niños y las artes visuales:
_ben el jardín y la escuela primaria
260 _c2012
300 _a101 páginas :
_c22 cm.
650 _aGEN
654 _aCED
942 _cLIB
_dJUS
_fJUS
_2ddc
_n
999 _c9068
_d9068